Börsen - ABC

Gespeichert in:
Bibliographische Detailangaben
1. Verfasser: Grosjean, René Klaus
Format: Buch
Sprache:Deutsch
Veröffentlicht: Frankfurt am Main Knapp 1991
Ausgabe:6. vollst. überarb. und erw. Aufl.
Schlagworte:
Tags: Tag hinzufügen
Keine Tags, Fügen Sie das erste Tag hinzu!

MARC

LEADER 00000nam a2200000 4500
001 c001432
005 20221214102009.3
020 |a 3-7819-1176-4 
041 0 |a ger 
044 |a DE 
245 1 0 |a Börsen - ABC  |c René Klaus Grosjean 
250 |a 6. vollst. überarb. und erw. Aufl. 
264 1 |a Frankfurt am Main  |b Knapp  |c 1991 
300 |a 173 s. 
610 2 0 |a burzy 
610 2 0 |a obchody burzové 
100 1 |a Grosjean, René Klaus